| 000 | 01221nam a22003617a 4500 | ||
|---|---|---|---|
| 003 | CHAP | ||
| 005 | 20220329135619.0 | ||
| 008 | 971013s1938 r 00010 d | ||
| 010 | _a39307 | ||
| 011 | _a40279 | ||
| 035 | _a44404 | ||
| 040 | _cCHAP | ||
| 082 |
_a636.0896962 _bM65 1938 |
||
| 100 | 0 | 0 |
_aMonning, Hermann Otto. _977535 |
| 245 | _aVeterinary helminthology and entomology, the diseases of domesticated animals caused | ||
| 250 | _a(2 ed.) | ||
| 260 |
_aBaltimor : _bWood, _c(1938) |
||
| 300 |
_a409 p. _b: ilus |
||
| 590 |
_aBATCH-UPD _b10 _c20130110 _lUCH01 _h0201 |
||
| 590 |
_aBATCH-UPD _b10 _c20130110 _lUCH01 _h1129 |
||
| 590 |
_aBATCH-UPD _b10 _c20130409 _lUCH01 _h2209 |
||
| 590 |
_aBATCH-UPD _b10 _c20130410 _lUCH01 _h0952 |
||
| 590 |
_aBATCH-UPD _b10 _c20130914 _lUCH01 _h0339 |
||
| 590 |
_aCONVERSION _b10 _c20130109 _lUCH01 _h1322 |
||
| 650 | 1 | 4 |
_aAnimales domésticos _xParásitos. _95911 |
| 650 | 1 | 4 |
_aAnimales domésticos _xPlagas. _95912 |
| 650 | 1 | 4 |
_aHelmintos. _953475 |
| 650 | 1 | 4 |
_aVeterinaria. _9118987 |
| 901 | _aBK | ||
| 942 | _cLIBRO | ||
| 949 |
_a636.0896962 M65 1938 _bBC _cBPA _d-101728 _eBPA _h27752 _i44404 _si |
||
| 949 |
_a636.0896962 M65 1938 _bBC _cBPA _d-101729 _eBPA _fc.2 _h27753 _i44404 _si |
||
| 999 |
_c39307 _d39307 |
||